000 00395nam a2200169Ia 4500
003 LK-CoDNM
008 010623t1960 xxu||||| |||| 00| 1 eng d
040 _aLK-CoDNM
_dLK-CoDNM
_eLK-CoDNM
041 _aeng
080 _a22/28 SMA
100 _aSmall,W.J.T.
245 _aA Reply to Bertrand Russell's
260 _b
_c1960
300 _b17p., 18 cm
650 _aChristinity
942 _cBK
999 _c105195
_d105195